<?xml version="1.0" encoding="UTF-8"?>
<marc:record xmlns:marc="http://www.loc.gov/MARC21/slim">
   <marc:leader>00000nam a2200000 a 4500</marc:leader>
   <marc:datafield ind1="0" ind2="0" tag="245">
      <marc:subfield code="a">In Qvo De Sacramentis, aduersus Vuitcleuistas, &amp; Hußitas, eorumq[ue] recentiores asseclas, doctrina exactißime elucet, &amp; continetur</marc:subfield>
   </marc:datafield>
   <marc:datafield ind1="0" ind2="0" tag="245">
      <marc:subfield code="b">Cvi Non Modo' Maiores Svmmae capitum accesserunt ...</marc:subfield>
   </marc:datafield>
   <marc:datafield ind1=" " ind2="1" tag="264">
      <marc:subfield code="c">1571</marc:subfield>
   </marc:datafield>
   <marc:datafield ind1="1" ind2=" " tag="520">
      <marc:subfield code="a">Vermerk: Loci Capucinorum Oeniponti. Druckersigne am Titelbl., ill. Initialen im Text. Gelblicher Ledereinband mit verzierten Buchdeckeln, Buchdeckel mit Deckelvignetten mit Darst. "Maximilian II." (vorne) u. Wappen (hinten) und fleuralen Verzierungen, Buchrücken mit 5 Bünden und Titelschild "Thomae Waldensis. II", zwei Schließen (Metall-Leder), grüngefärbter Blattschnitt</marc:subfield>
   </marc:datafield>
   <marc:datafield ind1="0" ind2=" " tag="490">
      <marc:subfield code="v">2.</marc:subfield>
   </marc:datafield>
   <marc:datafield ind1=" " ind2=" " tag="300">
      <marc:subfield code="a">[18], 271 Bl.</marc:subfield>
   </marc:datafield>
</marc:record>
